Social work with outcaste people in India (Record no. 408096)

000 -LEADER
fixed length control field 00490cam a22001697a 4500
008 - FIXED-LENGTH DATA ELEMENTS--GENERAL INFORMATION
fixed length control field 180718b2008 xxu||||| |||| 00| 0 eng d
020 ## - INTERNATIONAL STANDARD BOOK NUMBER
International Standard Book Number 9788190398152
082 ## - DEWEY DECIMAL CLASSIFICATION NUMBER
Classification number BA27x54 G341s
100 ## - MAIN ENTRY--PERSONAL NAME
Personal name Ghatage, B.S.
245 ## - TITLE STATEMENT
Title Social work with outcaste people in India
Statement of responsibility, etc. by B.S. Ghatage
260 ## - PUBLICATION, DISTRIBUTION, ETC.
Place of publication, distribution, etc. Jaipur
Name of publisher, distributor, etc. Shruti
Date of publication, distribution, etc. 2008
300 ## - PHYSICAL DESCRIPTION
Extent 281p.
650 ## - SUBJECT ADDED ENTRY--TOPICAL TERM
Topical term or geographic name entry element Scheduled castes and scheduled tribes - India.
650 ## - SUBJECT ADDED ENTRY--TOPICAL TERM
Topical term or geographic name entry element Equality --India
650 ## - SUBJECT ADDED ENTRY--TOPICAL TERM
Topical term or geographic name entry element Social justice
650 ## - SUBJECT ADDED ENTRY--TOPICAL TERM
Topical term or geographic name entry element Caste --India
Holdings
Withdrawn status Lost status Damaged status Not for loan Permanent Location Current Location Date acquired Full call number Barcode Date last seen Price effective from Koha item type
        Indian Institute of Public Administration Indian Institute of Public Administration 2009-01-13 BA27x54 G341s 82860 2018-07-21 2018-07-21 Book

Powered by Koha